Course in chemistry (Record no. 97505)

MARC details
000 -LEADER
fixed length control field 00525nam a2200205Ia 4500
003 - CONTROL NUMBER IDENTIFIER
control field OSt
005 - DATE AND TIME OF LATEST TRANSACTION
control field 20240326154028.0
008 - FIXED-LENGTH DATA ELEMENTS--GENERAL INFORMATION
fixed length control field 210210b1993 xxu||||| |||| 00| 0 eng d
020 ## - INTERNATIONAL STANDARD BOOK NUMBER
International Standard Book Number 0 07 460412 0
040 ## - CATALOGING SOURCE
Transcribing agency eng
082 ## - DEWEY DECIMAL CLASSIFICATION NUMBER
Classification number 540.02 TATC
100 ## - MAIN ENTRY--PERSONAL NAME
Personal name TATA Mc GRAW HILL PUBLISHING COMPANY.
9 (RLIN) 157084
245 ## - TITLE STATEMENT
Title Course in chemistry
260 ## - PUBLICATION, DISTRIBUTION, ETC.
Place of publication, distribution, etc. N D
Name of publisher, distributor, etc. T M H
Date of publication, distribution, etc. 1993
300 ## - PHYSICAL DESCRIPTION
Extent vi,351
650 ## - SUBJECT ADDED ENTRY--TOPICAL TERM
Topical term or geographic name entry element Chemistry IIT Entrance TMH
9 (RLIN) 157085
690 ## - LOCAL SUBJECT ADDED ENTRY--TOPICAL TERM (OCLC, RLIN)
Topical term or geographic name as entry element Chemistry Entrance
9 (RLIN) 157086
906 ## - LOCAL DATA ELEMENT F, LDF (RLIN)
a 048391
942 ## - ADDED ENTRY ELEMENTS (KOHA)
Source of classification or shelving scheme Dewey Decimal Classification
Koha item type Book
Holdings
Withdrawn status Lost status Source of classification or shelving scheme Damaged status Not for loan Collection code Home library Current library Date acquired Cost, normal purchase price Total Checkouts Full call number Barcode Date last seen Price effective from Koha item type
Discarded   Dewey Decimal Classification     Chemistry St Aloysius Library St Aloysius Library 02/17/2021 66.00   540.02 TATC 048392 02/17/2021 02/17/2021 Book
Discarded   Dewey Decimal Classification     Chemistry St Aloysius Library St Aloysius Library 02/17/2021 66.00   540.02 TATC 048391 02/17/2021 02/17/2021 Book